Statistiken für Naher Osten Länder an der Form erraten Part 2

Klicken Sie hier um das Quiz zu spielen!

Allgemein

  • Dieses Quiz wurde 80 mal gespielt
  • Das Durchschnittsergebnis liegt bei 6 aus 8

Antwortstatistiken

Antwort% Korrekt
Oman
95%
Pakistan
93%
Afghanistan
90%
Aserbaidschan
89%
Turkmenistan
88%
Georgien
85%
Armenien
84%
Uzbekistan
15%

Verteilung der Resultate

Perzentil nach korrekt beantworteten Fragen

Anzahl Personen mit jedem Resultat

Ihre Resultats-Entwicklung

Sie haben dieses Quiz noch nicht gespielt